000 00471nam a22001817a 4500
003 CEME
005 20210628202955.0
008 210215b xxu||||| |||| 00| 0 eng d
020 _a0-7506-4456-7
040 _c.
082 _a658 DRU
100 _aDruker, Peter.F
_962660
245 _aManagement challenges for the 21st century
260 _aOXFORD
_bBUTTERWORTH HEINEMANN
_c2002
300 _aXII,205P
650 _aMANAGEMENT CHALLENGE
_962661
942 _cBK
_2ddc
999 _c571702
_d571702